La radio : ieri, oggi, domani /

Obra que con mucho acompañamiento gráfico, recupera la historia de la radio italiana, fechas trascendentes para el medio y sus protagonistas. Incluye también reflexiones sobre la teoría y el lenguaje radiofónicos.

Guardat en:
Dades bibliogràfiques
Autor principal: Lingotto, Torino (autor)
Format: Llibre
Idioma:italià
Publicat: Milán, Italia : Radiotelevisione Italiana, 1984, c1984
Matèries:
Etiquetes: Afegir etiqueta
Sense etiquetes, Sigues el primer a etiquetar aquest registre!

MARC

LEADER 00000nam^a2200000^a^4500
001 000127133
005 20250521000000.0
009 20260310094751.264
037 |a Acervo ITESO - Biblioteca 
041 |a ITA 
082 |a 302. 2330945  |b LIN 
100 |a Lingotto, Torino  |e (autor) 
245 1 3 |a La radio :  |b ieri, oggi, domani /  |c T. Lingotto. 
264 4 |a Milán, Italia :  |b Radiotelevisione Italiana,  |c 1984, c1984 
300 |a 139 p. 
336 |a texto  |b txt  |2 rdacontenido 
337 |a sin mediación  |b n  |2 rdamedio 
338 |a volumen  |b nc  |2 rdasoporte 
520 |a Obra que con mucho acompañamiento gráfico, recupera la historia de la radio italiana, fechas trascendentes para el medio y sus protagonistas. Incluye también reflexiones sobre la teoría y el lenguaje radiofónicos. 
649 |a XX 
650 |a Radio -  |z Italia -  |x Historia 
650 |a Medios de Comunicación -  |z Italia -  |x Historia 
650 |a Comunicación Masiva -  |z Italia 
910 |a Fondo General 
920 |a Impresos - Libros 
930 |a Colección General 
905 |a 101 
901 |a 0500059077  |b IT1  |c ACC  |u 20250521 
902 |a https://opac.biblio.iteso.mx/vufind/Record/000127133